|
|
|
|
| LEADER |
00000nab a2200000 a 4500 |
| 001 |
vtls000138216 |
| 003 |
SK-MaSNL |
| 005 |
20260304050338.0 |
| 008 |
250422c1982 xo 0 slo |
| 015 |
|
|
|a SNBRB19rr/mm-uuuuu
|
| 035 |
|
|
|a CL0148322
|
| 035 |
|
|
|a urn:nbn:sk:snk-ab1t56
|
| 035 |
|
|
|a (urnnbn)urn:nbn:sk:snk:ar-a00vvs
|
| 035 |
|
|
|a (uuid)92e9e454-282e-47fa-ad69-d0f2b3dbd59c
|
| 040 |
|
|
|a SNKBUCL
|b slo
|c SNKBUCL
|e AACR2
|
| 041 |
0 |
|
|a slo
|
| 044 |
|
|
|a xo
|c SK
|
| 080 |
|
|
|a 78.071
|2 1981
|
| 080 |
|
|
|a 787.1/.4
|2 1981
|
| 080 |
|
|
|a 378
|2 1981
|
| 080 |
|
|
|a 929 Thomán, Štefan
|2 1981
|
| 100 |
1 |
|
|a Petrášová, Gizela
|4 aut
|9 1331355
|
| 245 |
1 |
0 |
|a Stefan Thoman klavirista a pedagóg
|c Gizela Petrášová
|
| 300 |
|
|
|b Obr. 1.
|
| 650 |
0 |
7 |
|a Thomán, Štefan
|2 snkbucl
|9 1331356
|
| 655 |
|
7 |
|a články z novín a časopisov
|2 snkbucl
|9 267496
|
| 773 |
0 |
|
|t Hudobný život
|g Roč. 14, č. 22 (1982), s. 8
|
| 850 |
|
|
|a Slovenská národná knižnica
|
| 852 |
|
|
|a Slovenská národná knižnica
|
| 954 |
|
|
|a odborná, vedecká literatúra pôvodná (slovenská)
|2 lita
|
| 958 |
|
|
|a article27
|
| 958 |
|
|
|a OND
|
| 958 |
|
|
|a BX
|
| 958 |
|
|
|a RK
|
| 958 |
|
|
|a EUIPO
|
| 992 |
|
|
|a RBX
|
| 999 |
|
|
|c 2697828
|d 2699758
|